Auctioneer sues vendor over painting claim (Record no. 70487)

MARC details
000 -LEADER
fixed length control field 01040cam a2200205 4500
001 - CONTROL NUMBER
control field WB3821-02
008 - FIXED-LENGTH DATA ELEMENTS--GENERAL INFORMATION
fixed length control field 020613n2002 000 0 eng u
035 ## - SYSTEM CONTROL NUMBER
System control number (Sirsi) u118415
245 ## - TITLE STATEMENT
Title Auctioneer sues vendor over painting claim
260 ## - PUBLICATION, DISTRIBUTION, ETC.
Date of publication, distribution, etc. 2002
490 ## - SERIES STATEMENT
Series statement RICS Antiques & Fine Art Faculty News
Volume/sequential designation 13 June 2002, (1)
520 ## - SUMMARY, ETC.
Summary, etc. Auctioneers Andrew Smith & Son have successfully sued a vendor who failed to disclose that he had sought expert opinion on a painting and denied receiving a letter confiming that the painting he was selling was not by the artist Nussbaum as he claimed. "Held" that a vendor has a duty of care to ensure that goods offered for auction are authentic. The case has important implications for auctioneers and vendors alike. http://www.rics.org/ricscms/bin/show?class=News&template=/includes/shownews.html&id=2780
590 ## - LOCAL NOTE (RLIN)
Local note WB
650 ## - SUBJECT ADDED ENTRY--TOPICAL TERM
Topical term or geographic name entry element AUCTIONEERS
650 ## - SUBJECT ADDED ENTRY--TOPICAL TERM
Topical term or geographic name entry element EXPERT OPINION
650 ## - SUBJECT ADDED ENTRY--TOPICAL TERM
Topical term or geographic name entry element VENDORS
650 ## - SUBJECT ADDED ENTRY--TOPICAL TERM
Topical term or geographic name entry element SURVEYORS' DUTY OF CARE
690 ## - LOCAL SUBJECT ADDED ENTRY--TOPICAL TERM (OCLC, RLIN)
Topical term or geographic name as entry element Arts and antiques
9 (RLIN) 6217
942 ## - ADDED ENTRY ELEMENTS (KOHA)
Suppress in OPAC 0
Holdings
Withdrawn status Lost status Source of classification or shelving scheme Damaged status Not for loan Home library Current library Shelving location Date acquired Total Checkouts Full call number Barcode Date last seen Copy number Price effective from Koha item type
    Dewey Decimal Classification     London London News article 13/06/2002   WB3821-02 118415-1001 06/08/2019 1 06/08/2019 News article